| 000 | 00369nam a2200145 a 4500 | ||
|---|---|---|---|
| 005 | 20140414132053.0 | ||
| 008 | 121024s19uu xx 00 eng d | ||
| 050 |
_aTR 152.4 _bB534 1998 |
||
| 100 | _aBerry, Joy | ||
| 245 | _aA Children's book about throwing tantrums. | ||
| 260 |
_bGrolier, _c1988. |
||
| 300 | _a28 | ||
| 650 |
_aTantrums- _xfiction |
||
| 999 |
_c114228 _d114228 |
||